[Event "Balatonlelle op"]
[Site "Balatonlelle"]
[Date "2006.06.23"]
[Round "7"]
[White "Schulz, Peter"]
[Black "Schlegl, Otto"]
[Result "1-0"]
[WhiteElo "2109"]
[BlackElo "2130"]
[PlyCount "70"]
[EventDate "2006.06.17"]
[EventType "swiss"]
[EventRounds "9"]
[EventCountry "HUN"]
[SourceTitle "CBM 112 Extra"]
[Source "ChessBase"]
[SourceDate "2006.07.14"]
[SourceVersion "1"]
[SourceVersionDate "2006.07.14"]
[SourceQuality "1"]

1. e4 c5 2. Nf3 Nc6 3. d4 cxd4 4. Nxd4 Nf6 5. Nc3 e5 6. Ndb5 d6 7. Bg5 a6 8. Na3 b5 9. Nd5 Be7 10. Bxf6 Bxf6 11. c3 Ne7 12. Nc2 Nxd5 13. Qxd5 Ra7 14. Ne3 0-0 15. Be2 Rd7 16. Qb3 Rc7 17. 0-0 Be6 18. Nd5 Bg5 19. a4 Rc5 20. axb5 axb5 21. f3 Bxd5 22. exd5 Bf4 23. g3 Qg5 24. Kg2 h5 25. Bxb5 Rb8 26. c4 h4 27. g4 f5 28. Qd1 e4 29. Kh1 Be5 30. fxe4 fxg4 31. Rf5 Qg6 32. Ra6 Bxb2 33. Qd2 Bc1 34. Qxc1 Rbxb5 35. Ra8+ Kh7 1-0

[Event "Balatonlelle op"]
[Site "Balatonlelle"]
[Date "2006.06.22"]
[Round "6"]
[White "Schlegl, Otto"]
[Black "Preiser, Henrik"]
[Result "0-1"]
[WhiteElo "2130"]
[BlackElo "1979"]
[PlyCount "52"]
[EventDate "2006.06.17"]
[EventType "swiss"]
[EventRounds "9"]
[EventCountry "HUN"]
[SourceTitle "CBM 112 Extra"]
[Source "ChessBase"]
[SourceDate "2006.07.14"]
[SourceVersion "1"]
[SourceVersionDate "2006.07.14"]
[SourceQuality "1"]

1. e4 e6 2. d4 d5 3. Nc3 Bb4 4. e5 c5 5. a3 Bxc3+ 6. bxc3 Qc7 7. Qg4 Ne7 8. Bd3 cxd4 9. Nf3 Qxc3+ 10. Ke2 Qxa1 11. Qxg7 Rg8 12. Qf6 Nd7 13. Qh4 Nc5 14. Bxh7 Bd7 15. Bxg8 Bb5+ 16. Kd1 Nxg8 17. Qg5 Ne7 18. Nd2 d3 19. cxd3 Nxd3 20. Nb3 Ba4 21. Kd2 Qa2+ 22. Kxd3 Qxb3+ 23. Ke2 Bb5+ 24. Ke1 Rc8 25. h4 Qd3 26. h5 Qe2# 0-1

[Event "Balatonlelle op"]
[Site "Balatonlelle"]
[Date "2006.06.21"]
[Round "5"]
[White "Schlegl, Otto"]
[Black "Kozma, Edit"]
[Result "0-1"]
[WhiteElo "2130"]
[BlackElo "2103"]
[PlyCount "88"]
[EventDate "2006.06.17"]
[EventType "swiss"]
[EventRounds "9"]
[EventCountry "HUN"]
[SourceTitle "CBM 112 Extra"]
[Source "ChessBase"]
[SourceDate "2006.07.14"]
[SourceVersion "1"]
[SourceVersionDate "2006.07.14"]
[SourceQuality "1"]

1. e4 c5 2. Nf3 d6 3. d4 cxd4 4. Nxd4 Nf6 5. Nc3 a6 6. f3 e5 7. Nb3 Be7 8. Be3 Be6 9. Qd2 0-0 10. 0-0-0 b5 11. g4 b4 12. Nd5 Bxd5 13. exd5 a5 14. Kb1 Qd7 15. h4 a4 16. Nc1 b3 17. cxb3 axb3 18. a3 Na6 19. g5 Nh5 20. Rg1 Qa4 21. Rg4 Qd7 22. Bxa6 Rxa6 23. Nxb3 Qf5+ 24. Qd3 Qxf3 25. Rb4 Raa8 26. Rb7 Rfe8 27. Ka2 Qh3 28. Qe4 f5 29. Rh1 Ng3 30. Rxh3 Nxe4 31. Nd2 Nxd2 32. Bxd2 f4 33. b4 Rac8 34. Kb3 Kf7 35. h5 Rb8 36. Rc7 Rbc8 37. Rhc3 Rxc7 38. Rxc7 g6 39. Be1 gxh5 40. Bh4 Kg6 41. b5 Bxg5 42. Bxg5 Kxg5 43. b6 f3 44. b7 Rb8 0-1

[Event "Balatonlelle op"]
[Site "Balatonlelle"]
[Date "2006.06.19"]
[Round "3"]
[White "Schlegl, Otto"]
[Black "Launiau, Severin"]
[Result "0-1"]
[WhiteElo "2130"]
[BlackElo "2075"]
[PlyCount "62"]
[EventDate "2006.06.17"]
[EventType "swiss"]
[EventRounds "9"]
[EventCountry "HUN"]
[SourceTitle "CBM 112 Extra"]
[Source "ChessBase"]
[SourceDate "2006.07.14"]
[SourceVersion "1"]
[SourceVersionDate "2006.07.14"]
[SourceQuality "1"]

1. e4 e6 2. d4 d5 3. Nc3 Nf6 4. Bg5 Be7 5. e5 Nfd7 6. Bxe7 Qxe7 7. f4 a6 8. Nf3 c5 9. dxc5 Nc6 10. Qd2 Nxc5 11. Bd3 b5 12. 0-0 Bb7 13. Rae1 Nxd3 14. cxd3 g6 15. Rc1 0-0 16. Ne2 Rac8 17. a3 Rc7 18. g4 Kh8 19. d4 a5 20. Ng3 b4 21. a4 Ba6 22. Rf2 Rfc8 23. Re1 b3 24. f5 Nb4 25. Qh6 Qf8 26. Qxf8+ Rxf8 27. Re3 Rc1+ 28. Kg2 Nd3 29. Rd2 Rc2 30. Kh3 Nf4+ 31. Kh4 Rxd2 0-1

[Event "Balatonlelle op"]
[Site "Balatonlelle"]
[Date "2006.06.18"]
[Round "2"]
[White "Almasi, Istvan"]
[Black "Schlegl, Otto"]
[Result "1-0"]
[WhiteElo "2440"]
[BlackElo "2130"]
[PlyCount "57"]
[EventDate "2006.06.17"]
[EventType "swiss"]
[EventRounds "9"]
[EventCountry "HUN"]
[SourceTitle "CBM 112 Extra"]
[Source "ChessBase"]
[SourceDate "2006.07.14"]
[SourceVersion "1"]
[SourceVersionDate "2006.07.14"]
[SourceQuality "1"]

1. d4 d5 2. c4 c6 3. e3 Nf6 4. Nc3 e6 5. Nf3 Nbd7 6. Bd3 dxc4 7. Bxc4 b5 8. Bd3 Bb7 9. e4 b4 10. Na4 c5 11. e5 Nd5 12. 0-0 cxd4 13. Nxd4 Nxe5 14. Bb5+ Nd7 15. Re1 Rc8 16. Qh5 g6 17. Qh3 a6 18. Bg5 Be7 19. Bxe7 Nxe7 20. Bxd7+ Qxd7 21. Nxe6 fxe6 22. Nb6 Qc6 23. Rxe6 Qc1+ 24. Re1 Qc6 25. Nxc8 Bxc8 26. Qh4 Qb7 27. Rac1 Bf5 28. Qf6 Rf8 29. Qe5 1-0

[Event "HUN-chT2 Asztalos 0405"]
[Site "Hungary"]
[Date "2005.02.06"]
[Round "7"]
[White "Percze, Janos"]
[Black "Schlegl, Otto"]
[Result "1-0"]
[WhiteElo "2237"]
[BlackElo "2033"]
[PlyCount "68"]
[EventDate "2004.09.26"]
[EventType "team"]
[EventRounds "11"]
[EventCountry "HUN"]
[SourceTitle "EXT 2009"]
[Source "ChessBase"]
[SourceDate "2008.11.26"]
[SourceVersion "1"]
[SourceVersionDate "2008.11.26"]
[SourceQuality "1"]
[WhiteTeam "Nagyatad"]
[BlackTeam "Szenna Pack II"]
[WhiteTeamCountry "HUN"]
[BlackTeamCountry "HUN"]

1. e4 c5 2. c3 Nf6 3. e5 Nd5 4. d4 cxd4 5. Nf3 Nc6 6. Bc4 Nb6 7. Bb3 e6 8. cxd4 d6 9. Qe2 Be7 10. 0-0 0-0 11. Nc3 a6 12. a3 Qc7 13. Bf4 Na5 14. Ba2 Rd8 15. Rac1 Qb8 16. b4 Nc6 17. Bb1 dxe5 18. dxe5 Nd5 19. Nxd5 exd5 20. Ng5 Bxg5 21. Bxg5 Re8 22. Qd3 g6 23. Bf6 Nxe5 24. Qe3 Re6 25. Bd8 Ng4 26. Qh3 Qf4 27. Bc7 Qd4 28. Rcd1 Qc4 29. Rc1 Qd4 30. Qg3 Re2 31. Rcd1 Qb2 32. h3 Nf6 33. Bd3 Rd2 34. Be5 Nh5 1-0

[Event "HUN-chT2 Asztalos 0405"]
[Site "Hungary"]
[Date "2004.09.26"]
[Round "1"]
[White "Schlegl, Otto"]
[Black "Horvath, Miklos"]
[Result "0-1"]
[WhiteElo "2033"]
[BlackElo "2264"]
[PlyCount "98"]
[EventDate "2004.09.26"]
[EventType "team"]
[EventRounds "11"]
[EventCountry "HUN"]
[SourceTitle "EXT 2009"]
[Source "ChessBase"]
[SourceDate "2008.11.26"]
[SourceVersion "1"]
[SourceVersionDate "2008.11.26"]
[SourceQuality "1"]
[WhiteTeam "Szenna Pack II"]
[BlackTeam "Fehervar"]
[WhiteTeamCountry "HUN"]
[BlackTeamCountry "HUN"]

1. e4 e5 2. Nf3 Nc6 3. d4 exd4 4. Bc4 Bc5 5. c3 dxc3 6. Bxf7+ Kxf7 7. Qd5+ Kf8 8. Qxc5+ d6 9. Qc4 Qe7 10. Nxc3 Nf6 11. Bg5 Qf7 12. Qxf7+ Kxf7 13. Bxf6 gxf6 14. Nd5 Bg4 15. Nxc7 Rac8 16. Nb5 Bxf3 17. gxf3 Rhd8 18. Rd1 Ke6 19. Nc3 f5 20. Ke2 Ne7 21. Rd2 Rc5 22. Rhd1 fxe4 23. Nxe4 Rc6 24. Rg1 h6 25. Rg4 d5 26. Nc3 a6 27. a4 Rf8 28. h4 Rf5 29. Rgd4 Re5+ 30. Kf1 Nf5 31. Rxd5 Nxh4 32. Rxe5+ Kxe5 33. Ke2 Re6 34. Rd3 Nf5 35. Kd2 h5 36. Rd5+ Kf6 37. Ne4+ Kg6 38. Ng3 Rd6 39. Rxd6+ Nxd6 40. Kd3 h4 41. Nf1 Kg5 42. Nh2 Kf4 43. Kd4 h3 44. a5 Nf7 45. Kd3 Ne5+ 46. Ke2 Nc6 47. Kd3 Nxa5 48. b4 Nc6 49. Kc4 b6 0-1

[Event "Szombathely op"]
[Site "Szombathely"]
[Date "2004.07.26"]
[Round "9"]
[White "Schlegl, Otto"]
[Black "Toth, Lili"]
[Result "1/2-1/2"]
[WhiteElo "2033"]
[BlackElo "2208"]
[PlyCount "69"]
[EventDate "2004.07.19"]
[EventType "swiss"]
[EventRounds "9"]
[EventCountry "HUN"]
[SourceTitle "EXT 2008"]
[Source "ChessBase"]
[SourceDate "2007.11.25"]
[SourceVersion "1"]
[SourceVersionDate "2007.11.25"]
[SourceQuality "1"]

1. e4 e6 2. d4 d5 3. exd5 exd5 4. Bd3 Bd6 5. c3 Nc6 6. Nf3 Bg4 7. 0-0 Nge7 8. h3 Bh5 9. Be3 Qd7 10. Nbd2 f6 11. b4 g5 12. b5 Nd8 13. c4 c6 14. Re1 Kf8 15. c5 Bc7 16. Qb1 Ne6 17. h4 h6 18. Bf5 Nxf5 19. Qxf5 Qf7 20. bxc6 bxc6 21. Bxg5 Nxg5 22. hxg5 hxg5 23. Re6 Bd8 24. Rxc6 Bg6 25. Qe6 Qh7 26. Qh3 Qg7 27. Qg3 Be8 28. Re6 Rc8 29. Qd6+ Be7 30. Qg3 Bd7 31. Ra6 f5 32. Qe5 Qh7 33. Qh2 Qg7 34. Qe5 Qh7 35. Qh2 1/2-1/2

[Event "Szombathely op"]
[Site "Szombathely"]
[Date "2004.07.25"]
[Round "8"]
[White "Remete, Eszter"]
[Black "Schlegl, Otto"]
[Result "0-1"]
[WhiteElo "2108"]
[BlackElo "2033"]
[PlyCount "68"]
[EventDate "2004.07.19"]
[EventType "swiss"]
[EventRounds "9"]
[EventCountry "HUN"]
[SourceTitle "EXT 2008"]
[Source "ChessBase"]
[SourceDate "2007.11.25"]
[SourceVersion "1"]
[SourceVersionDate "2007.11.25"]
[SourceQuality "1"]

1. e4 c5 2. Nf3 e6 3. b3 d5 4. exd5 exd5 5. d4 Nf6 6. Bb2 Nc6 7. Bb5 Be7 8. 0-0 0-0 9. Bxc6 bxc6 10. Ne5 Qc7 11. dxc5 Bxc5 12. Nd2 Bd6 13. Re1 Re8 14. Ndf3 Ne4 15. c4 f6 16. cxd5 Nxf2 17. Kxf2 fxe5 18. Kg1 Bb7 19. Qc2 Rac8 20. Ng5 g6 21. dxc6 Qb6+ 22. Kh1 Rxc6 23. Qd3 Rc7 24. Ne4 Bf8 25. Rac1 Rf7 26. Rf1 Rd8 27. Qe2 Ba6 28. Rc4 Rxf1+ 29. Qxf1 Bxc4 30. Qxc4+ Kh8 31. Bxe5+ Bg7 32. Bxg7+ Kxg7 33. Qe2 Qd4 34. h3 Re8 0-1

[Event "Szombathely op"]
[Site "Szombathely"]
[Date "2004.07.23"]
[Round "6"]
[White "Porat, David"]
[Black "Schlegl, Otto"]
[Result "1-0"]
[WhiteElo "2323"]
[BlackElo "2033"]
[PlyCount "83"]
[EventDate "2004.07.19"]
[EventType "swiss"]
[EventRounds "9"]
[EventCountry "HUN"]
[SourceTitle "EXT 2008"]
[Source "ChessBase"]
[SourceDate "2007.11.25"]
[SourceVersion "1"]
[SourceVersionDate "2007.11.25"]
[SourceQuality "1"]

1. d4 d5 2. c4 c6 3. Nf3 Nf6 4. e3 e6 5. Bd3 Nbd7 6. Nbd2 Bd6 7. 0-0 0-0 8. e4 e5 9. exd5 cxd5 10. cxd5 exd4 11. Nc4 Nc5 12. Nxd6 Nxd3 13. Nxc8 Nxc1 14. Rxc1 Rxc8 15. Rxc8 Qxc8 16. Qxd4 Rd8 17. d6 Ne8 18. Re1 Nxd6 19. Qxa7 Re8 20. Rd1 Qc2 21. Qd4 Ne4 22. Re1 Nf6 23. Rxe8+ Nxe8 24. h3 Qb1+ 25. Kh2 Qxa2 26. Qd7 Qe6 27. Qxb7 Qd6+ 28. g3 h6 29. Qa8 Qe7 30. Kg2 Kh7 31. b4 Qe2 32. Qd5 Qe7 33. b5 Nf6 34. Qc6 Qe2 35. Nd4 Qe1 36. b6 Ne4 37. Qc2 g6 38. b7 Nd2 39. Qd3 Ne4 40. Qf3 Kg7 41. b8Q Nd2 42. Qd3 1-0

[Event "Szombathely op"]
[Site "Szombathely"]
[Date "2004.07.22"]
[Round "5"]
[White "Schlegl, Otto"]
[Black "Sikula, Vaszilij"]
[Result "0-1"]
[WhiteElo "2033"]
[BlackElo "2412"]
[PlyCount "98"]
[EventDate "2004.07.19"]
[EventType "swiss"]
[EventRounds "9"]
[EventCountry "HUN"]
[SourceTitle "EXT 2008"]
[Source "ChessBase"]
[SourceDate "2007.11.25"]
[SourceVersion "1"]
[SourceVersionDate "2007.11.25"]
[SourceQuality "1"]

1. e4 Nf6 2. e5 Nd5 3. d4 d6 4. c4 Nb6 5. exd6 cxd6 6. Nc3 g6 7. Be3 Bg7 8. Rc1 0-0 9. b3 e5 10. dxe5 dxe5 11. Qxd8 Rxd8 12. c5 N6d7 13. Bc4 Nf8 14. Nb5 Nc6 15. Nd6 Rd7 16. Nf3 h6 17. 0-0 Re7 18. Nxc8 Rxc8 19. Rfd1 Kh7 20. Rd6 e4 21. Nd2 Be5 22. Nxe4 Bxd6 23. Nxd6 Rcc7 24. a3 Ne5 25. h3 Nxc4 26. Rxc4 a6 27. b4 Re6 28. Rh4 h5 29. Bf4 Re1+ 30. Kh2 Ne6 31. Be3 Ra1 32. g4 Rxa3 33. gxh5 g5 34. Re4 Ra4 35. Bd2 a5 36. Bc3 axb4 37. Bf6 Ra6 38. h4 gxh4 39. f4 Rxc5 40. Nxf7 Rf5 41. Ng5+ Kh6 42. Nxe6 Rxf6 43. Nc5 Rab6 44. Nd7 b3 45. Nxb6 Rxb6 46. Re1 b2 47. Rb1 Kxh5 48. Kh3 Rb3+ 49. Kg2 Kg4 0-1